Ruta de l'Esquirol /
Publicado:
Barcelona :
Diputació de Barcelona. Àrea d'Espais Naturals. Xarxa de Parcs Naturals ,
2010
Descripción Física:
1 f. plegat en 4 parts : il. col. ; 21 cm
Colección:
Itineraris senyalitzats
; SL-C 112
Materias:
Parc de la Serralada Litoral (Catalunya) -- Circuits turístics
; Excursionisme -- Parc de la Serralada Litoral
Idioma:
Catalán
MARC
| LEADER | 00000nam a2200000Ia 4500 | ||
|---|---|---|---|
| 001 | 23006 | ||
| 003 | Arxiu | ||
| 005 | 20260324175740.0 | ||
| 008 | 160829s2010 spcaxx s cat c | ||
| 040 | |a AGDB | ||
| 080 | |a FU-59-9 | ||
| 110 | 1 | |9 52719 |a Parc de la Serralada Litoral (Catalunya) | |
| 245 | 1 | 0 | |a Ruta de l'Esquirol / |c Parc de la Serralada Litoral |
| 260 | |a Barcelona : |b Diputació de Barcelona. Àrea d'Espais Naturals. Xarxa de Parcs Naturals, |c 2010 | ||
| 300 | |a 1 f. plegat en 4 parts : |b il. col. ; |c 21 cm | ||
| 490 | 1 | |a Excursions senyalitzades |v SL-C 112 | |
| 610 | 1 | 0 | |a Parc de la Serralada Litoral (Catalunya) |x Circuits turístics |9 52713 |
| 650 | |a Excursionisme |x Parc de la Serralada Litoral |9 39873 | ||
| 710 | 1 | |a Barcelona (Catalunya : Província). |b Xarxa de Parcs Naturals |9 7250 | |
| 710 | |a Barcelona (Catalunya : Província). |b Àrea d'Espais Naturals |9 9050 | ||
| 830 | 0 | |a Itineraris senyalitzats |v SL-C 112 |9 55975 | |
| 901 | |a Arxiu | ||
| 942 | |n 1 |2 udc |c ARXIU | ||
| 952 | |0 0 |1 0 |4 0 |6 FU599 |7 1 |9 49287 |a Arxiu |b Arxiu |d 2016-12-01 |l 0 |o FU-59-9 |p 23006 |r 2016-12-01 00:00:00 |w 2016-12-01 |y ARXIU | ||
| 999 | |c 53129 |d 53129 | ||